000 01083naa a22003017a 4500
001 BR6004854
003 BR-BrBNA
005 20240918172901.0
007 ta
008 230509b bl.||||| |||| 00| 0 por d
040 _aBR-BrBNA
_bpor
_cBiblioteca Nacional de Agricultura
041 _a(Pt)
072 _aE70
_b9600
_b8954
_bG514
090 _aE70 BR6004854
100 1 _aVieira, A.M.
111 1 _a4. Congresso Brasileiro de Avicultura
_cPorto Alegre, RS (Brazil)
_d14 Sep 1975
245 1 _aOscilacao estacional de precos de ovos e de racao no Espirito Santo - periodo 1963/1974 [Brasil]
260 3 _aPorto Alegre, RS (Brasil):
_c1975.
500 _aAnais do 4. Congresso Brasileiro de Avicultura Porto Alegre, RS (Brasil): 1975. p. 189-196 (BR6004854-AM)E70
650 _aCOMERCIALIZACAO
650 _aOVO
650 _aRACAO
650 _aPRECO
650 _aESPIRITO SANTO
773 0 _tAnais do 4. Congresso Brasileiro de Avicultura
_wE70 BR6004854
_gPorto Alegre, RS (Brasil), 1975. p. 189-196
909 _a202404
_bLucia
_c55
_dLucia Elande
942 _cAM
_2AGRIS
999 _c301901
_d301901